Movies Quiz

Random Movies or Box Office Quiz

Top Movie Franchises Quiz Stats

 Plays Quiz Updated Aug 5, 2021

Support Sporcle.
Go Orange.
Score 0/30 Timer 07:00
0 Plays Today
Total Gross (millions) Franchise % Correct
$5,080.6Star Wars
90.4%
$2,786.9J.K. Rowling's Wizarding World
80%
$1,852.3Middle Earth
74.3%
$2,783.8Batman
73.5%
$2,136.7James Bond
69.8%
$1,040.0Iron Man
67.9%
$1,318.1Toy Story
65.3%
$1,451.5The Hunger Games
63.4%
$1,860.1The Fast and the Furious
58.6%
$919.8Indiana Jones
56.7%
$2,458.5X-Men
56.5%
$844.5Captain America
55.7%
$2,711.1Spider-Man
47.1%
$1,401.0Star Trek
46.5%
$1,419.6Shrek
46.1%
Total Gross (millions) Franchise % Correct
$2,619.6Avengers
45%
$1,451.8Pirates of the Caribbean
41.2%
$878.3Frozen
39.5%
$800.4Bourne
37.3%
$870.0The Incredibles
33.5%
$866.8Finding Nemo
31.7%
$1,882.8Jurassic Park
29.7%
$1,152.7Superman
26.6%
$965.4The Lion King
26.2%
$1,154.5Mission: Impossible
25.9%
$1,582.4Transformers
24.7%
$1,365.9Twilight
23.5%
$1,220.2Despicable Me
23.3%
$793.8Planet of the Apes
15.6%
$849.8Jumanji
13.4%

From the Vault

Landmarks on Islands

by survivor

These famous landmarks are not usually within walking distance.
Remove Ads.
Support Sporcle.
Get the best of Sporcle when you Go Orange. This ad-free experience offers more features, more stats, and more fun while also helping to support Sporcle. Thank you for becoming a member.

Show Comments

Extras

Top Quizzes Today


Score Distribution

Your Account Isn't Verified!

In order to create a playlist on Sporcle, you need to verify the email address you used during registration. Go to your Sporcle Settings to finish the process.

Report this User

Report this user for behavior that violates our Community Guidelines.

Details: